[Event "St Petersburg March op"]
[Site "St Petersburg"]
[Date "2009.03.30"]
[Round "1"]
[White "Letov, Petr"]
[Black "Nugaev, Nail"]
[Result "1-0"]
[WhiteElo "2158"]
[BlackElo "1954"]
[PlyCount "55"]
[EventDate "2009.03.30"]
[EventType "swiss"]
[EventRounds "9"]
[EventCountry "RUS"]
[SourceTitle "EXT 2012"]
[Source "ChessBase"]
[SourceDate "2011.11.24"]
[SourceVersion "1"]
[SourceVersionDate "2011.11.24"]
[SourceQuality "1"]

1. e4 c5 2. Nf3 d6 3. d4 cxd4 4. Nxd4 Nf6 5. Nc3 a6 6. Be3 e6 7. g4 h6 8. Rg1 b5 9. a3 Bb7 10. Bd3 Nbd7 11. f4 Nc5 12. Qf3 Nfd7 13. b4 Nxd3+ 14. cxd3 Be7 15. Qe2 Rc8 16. Kd2 Bf6 17. Rac1 Nb6 18. g5 hxg5 19. fxg5 Be5 20. g6 Rxh2 21. Rg2 Rxg2 22. gxf7+ Kxf7 23. Qxg2 Bxd4 24. Bxd4 e5 25. Rf1+ Kg8 26. Bxb6 Qxb6 27. Qg6 Qc7 28. Qe6+ 1-0

[Event "Peterhof op"]
[Site "Peterhof"]
[Date "2008.08.07"]
[Round "6"]
[White "Sakov, Anatolij J"]
[Black "Nugaev, Nail"]
[Result "1/2-1/2"]
[WhiteElo "2102"]
[BlackElo "1960"]
[PlyCount "60"]
[EventDate "2008.08.02"]
[EventType "swiss"]
[EventRounds "9"]
[EventCountry "RUS"]
[SourceTitle "CBM 125 Extra"]
[Source "ChessBase"]
[SourceDate "2008.09.01"]
[SourceVersion "1"]
[SourceVersionDate "2008.09.01"]
[SourceQuality "1"]

1. e4 c5 2. Nf3 d6 3. d4 cxd4 4. Nxd4 Nf6 5. Nc3 a6 6. Be2 e6 7. g4 Nc6 8. Be3 Qc7 9. g5 Nd7 10. 0-0 b5 11. Nxc6 Qxc6 12. a3 Bb7 13. f4 Nb6 14. Bxb6 Qxb6+ 15. Kg2 Be7 16. Qd2 Qc5 17. Rad1 Rc8 18. Bd3 h5 19. Qf2 g6 20. h4 Qxf2+ 21. Rxf2 d5 22. exd5 Bxa3 23. Be4 exd5 24. Nxd5 Bxd5 25. Bxd5 Bxb2 26. Re2+ Kf8 27. Bb7 Rc7 28. Bxa6 b4 29. Rd8+ Kg7 30. Rxh8 Kxh8 1/2-1/2

[Event "St Petersburg Chigorin CC-ch"]
[Site "St Petersburg"]
[Date "2008.05.22"]
[Round "8"]
[White "Atlas, Eduard"]
[Black "Nugaev, Nail"]
[Result "1-0"]
[WhiteElo "2069"]
[BlackElo "1985"]
[PlyCount "95"]
[EventDate "2008.05.13"]
[EventType "swiss"]
[EventRounds "9"]
[EventCountry "RUS"]
[SourceTitle "CBM 124 Extra"]
[Source "ChessBase"]
[SourceDate "2008.07.03"]
[SourceVersion "1"]
[SourceVersionDate "2008.07.03"]
[SourceQuality "1"]

1. e4 c5 2. c3 d5 3. exd5 Qxd5 4. d4 Nf6 5. Nf3 Bg4 6. Be2 e6 7. 0-0 Be7 8. Be3 cxd4 9. Nxd4 Bxe2 10. Qxe2 a6 11. Nd2 0-0 12. c4 Qd7 13. h3 Nc6 14. N2f3 Rfd8 15. Rfd1 Qc7 16. Nxc6 Qxc6 17. Bg5 h6 18. Bh4 Rac8 19. b3 Qc5 20. Rxd8+ Rxd8 21. Rd1 Rxd1+ 22. Qxd1 g5 23. Bg3 Ne4 24. Kf1 Bf6 25. Qe1 Nxg3+ 26. fxg3 Kg7 27. Qe4 b6 28. g4 Qd6 29. Ke2 Qg3 30. Kf1 Qd6 31. Ke2 Qa3 32. Qc2 Qb2 33. Qxb2 Bxb2 34. a4 a5 35. Kd3 Kf8 36. Nd2 Ke7 37. c5 bxc5 38. Nc4 Bd4 39. Nxa5 Kd6 40. Ke4 f6 41. Nc4+ Kc6 42. b4 Bf2 43. b5+ Kc7 44. a5 Bg3 45. a6 Be5 46. Kd3 Bg3 47. Nd2 f5 48. Kc4 1-0

[Event "St Petersburg Chigorin CC-ch"]
[Site "St Petersburg"]
[Date "2008.05.21"]
[Round "7"]
[White "Nugaev, Nail"]
[Black "In't Veld, Daan"]
[Result "0-1"]
[WhiteElo "1985"]
[BlackElo "2188"]
[PlyCount "92"]
[EventDate "2008.05.13"]
[EventType "swiss"]
[EventRounds "9"]
[EventCountry "RUS"]
[SourceTitle "CBM 124 Extra"]
[Source "ChessBase"]
[SourceDate "2008.07.03"]
[SourceVersion "1"]
[SourceVersionDate "2008.07.03"]
[SourceQuality "1"]

1. e4 c5 2. Nf3 e6 3. d4 cxd4 4. Nxd4 a6 5. Nc3 Qc7 6. a3 Nf6 7. Be3 b5 8. f4 d6 9. Bd3 Bb7 10. Qf3 Nbd7 11. 0-0 g6 12. Rae1 Bg7 13. Qg3 0-0 14. f5 e5 15. Nb3 d5 16. exd5 Nxd5 17. Nxd5 Bxd5 18. fxg6 hxg6 19. Kh1 Rac8 20. Nd2 Qc6 21. c3 a5 22. Bg1 f5 23. Qh3 e4 24. Bb1 Nb6 25. Rf4 Na4 26. Rh4 Nxb2 27. Bd4 Bxd4 28. cxd4 Qf6 29. Rh6 b4 30. axb4 axb4 31. Nf1 Bf7 32. Ng3 Qxd4 33. Ba2 Qg7 34. Bxf7+ Rxf7 35. Nxe4 Nd3 36. Rf1 Rfc7 37. Rh7 Nf2+ 38. Nxf2 Qxh7 39. Qb3+ Qf7 40. Qxb4 Rc1 41. Re1 Qe6 42. Nd3 Rxe1+ 43. Nxe1 Rc1 44. Qb8+ Kh7 45. Qb7+ Kh6 46. h3 Rxe1+ 0-1

[Event "St Petersburg March op"]
[Site "St Petersburg"]
[Date "2008.03.28"]
[Round "7"]
[White "Nugaev, Nail"]
[Black "Orlov, Anatoly"]
[Result "0-1"]
[WhiteElo "1985"]
[BlackElo "2061"]
[PlyCount "142"]
[EventDate "2008.03.22"]
[EventType "swiss"]
[EventRounds "9"]
[EventCountry "RUS"]
[SourceTitle "EXT 2010"]
[Source "ChessBase"]
[SourceDate "2010.11.25"]
[SourceVersion "1"]
[SourceVersionDate "2010.11.25"]
[SourceQuality "1"]

1. e4 c6 2. d4 d5 3. e5 Bf5 4. g4 Be4 5. f3 Bg6 6. h4 h5 7. Bd3 Bxd3 8. Qxd3 e6 9. g5 g6 10. Nc3 Ne7 11. Be3 Nd7 12. 0-0-0 b5 13. Nce2 Nf5 14. Bf2 Qb6 15. Ng3 Nxg3 16. Bxg3 c5 17. Ne2 c4 18. Qd2 b4 19. c3 a5 20. Be1 Be7 21. Ng3 Rb8 22. Rh2 Qc6 23. Qc2 b3 24. axb3 Rxb3 25. Kd2 Qb6 26. Ke3 0-0 27. Ra1 Rb8 28. Ra2 Nf8 29. f4 Qb7 30. Kf3 a4 31. Bd2 a3 32. Bc1 axb2 33. Rxb2 Qa7 34. Ne2 Nd7 35. Ra2 Qb7 36. Ng3 Qc7 37. Bd2 Ba3 38. Bc1 Bxc1 39. Qxc1 Rxc3+ 40. Qxc3 Rb3 41. Rhc2 Qb6 42. Ne2 Kg7 43. Ra3 Rxc3+ 44. Raxc3 Qb1 45. Rc1 Qf5 46. Kf2 Qg4 47. Rg3 Qf5 48. Re3 Nb6 49. Kg3 Na4 50. Rf1 Nb2 51. Nc1 Qg4+ 52. Kf2 Qxf4+ 53. Rf3 Qxh4+ 54. Ke2 Qe4+ 55. Kd2 Qxd4+ 56. Kc2 Qe4+ 57. Kxb2 Qxe5+ 58. Kc2 Qxg5 59. Rxf7+ Kh6 60. Ne2 Qe3 61. Kd1 c3 62. Ke1 c2 63. Rc7 d4 64. Rxc2 d3 65. Rd2 e5 66. Kd1 dxe2+ 67. Rxe2 Qd3+ 68. Ke1 Qc3+ 69. Kf2 h4 70. Rd1 Qg3+ 71. Kf1 h3 0-1

[Event "St Petersburg March op"]
[Site "St Petersburg"]
[Date "2008.03.24"]
[Round "3"]
[White "Eltsov, Valery"]
[Black "Nugaev, Nail"]
[Result "1/2-1/2"]
[WhiteElo "2098"]
[BlackElo "1985"]
[PlyCount "107"]
[EventDate "2008.03.22"]
[EventType "swiss"]
[EventRounds "9"]
[EventCountry "RUS"]
[SourceTitle "EXT 2010"]
[Source "ChessBase"]
[SourceDate "2010.11.25"]
[SourceVersion "1"]
[SourceVersionDate "2010.11.25"]
[SourceQuality "1"]

1. e4 c5 2. Nf3 d6 3. c4 Nf6 4. Nc3 e6 5. d4 cxd4 6. Nxd4 a6 7. Be2 Be7 8. 0-0 Qc7 9. Be3 b6 10. Rc1 Bb7 11. f3 Nbd7 12. Qe1 0-0 13. Qf2 Rac8 14. Rfd1 Qb8 15. Nc2 Bd8 16. Bf1 Bc7 17. g3 Rfe8 18. b3 Bc6 19. Nd4 Bb7 20. Na4 Ba8 21. Nc3 Bb7 22. Bg2 Ne5 23. Qd2 Ng6 24. Kh1 d5 25. exd5 exd5 26. cxd5 Nxd5 27. Nxd5 Bxd5 28. Nc6 Bxc6 29. Rxc6 Rcd8 30. Bd4 Ne7 31. Rcc1 Nf5 32. Qf2 Bxg3 33. hxg3 Re2 34. Be5 Rxe5 35. Rxd8+ Qxd8 36. f4 Re2 37. Qf3 Re3 38. Qf2 Re2 39. Qf3 Re3 40. Qf2 h5 41. Bf3 Qd3 42. Kg2 g6 43. Qb2 Nd4 44. Rd1 Qc2+ 45. Qxc2 Nxc2 46. Kf2 Re6 47. Rd7 Ne3 48. b4 b5 49. Rd3 Ng4+ 50. Kg2 Ne3+ 51. Kf2 Ng4+ 52. Kg2 Ne3+ 53. Kf2 Nc4 54. f5 1/2-1/2

[Event "St Petersburg March op"]
[Site "St Petersburg"]
[Date "2008.03.23"]
[Round "2"]
[White "Nugaev, Nail"]
[Black "Toder, Denis"]
[Result "0-1"]
[WhiteElo "1985"]
[BlackElo "2191"]
[PlyCount "86"]
[EventDate "2008.03.22"]
[EventType "swiss"]
[EventRounds "9"]
[EventCountry "RUS"]
[SourceTitle "EXT 2010"]
[Source "ChessBase"]
[SourceDate "2010.11.25"]
[SourceVersion "1"]
[SourceVersionDate "2010.11.25"]
[SourceQuality "1"]

1. e4 e6 2. d4 d5 3. e5 c5 4. c3 Nc6 5. Nf3 Qb6 6. a3 Bd7 7. b4 cxd4 8. cxd4 Rc8 9. Bb2 Na5 10. Nbd2 Nc4 11. Bxc4 dxc4 12. Ne4 Bc6 13. Nfd2 Qd8 14. 0-0 Nh6 15. Qe2 Be7 16. Rac1 b5 17. Nf3 0-0 18. Rfd1 Nf5 19. h3 Bd5 20. Bc3 Rb8 21. Rb1 Nh4 22. Nxh4 Bxh4 23. Qg4 Be7 24. Ng3 Kh8 25. Nh5 Rg8 26. Nf4 Qd7 27. Qh5 Rgf8 28. Re1 a5 29. Re3 axb4 30. axb4 Ra8 31. Qg4 Rg8 32. Qh5 Rgf8 33. Qg4 Qb7 34. Rg3 Rg8 35. Nh5 Be4 36. Ra1 Rxa1+ 37. Bxa1 Bf5 38. Qf4 Bg6 39. Qg4 Bxb4 40. Nf4 Bf5 41. Qh5 Bd2 42. Ne2 b4 43. d5 Bg6 0-1

[Event "St Petersburg March op"]
[Site "St Petersburg"]
[Date "2008.03.22"]
[Round "1"]
[White "Kazakevich, Grigoriy"]
[Black "Nugaev, Nail"]
[Result "1/2-1/2"]
[WhiteElo "2155"]
[BlackElo "1985"]
[PlyCount "63"]
[EventDate "2008.03.22"]
[EventType "swiss"]
[EventRounds "9"]
[EventCountry "RUS"]
[SourceTitle "EXT 2010"]
[Source "ChessBase"]
[SourceDate "2010.11.25"]
[SourceVersion "1"]
[SourceVersionDate "2010.11.25"]
[SourceQuality "1"]

1. e4 c5 2. Nf3 d6 3. d4 cxd4 4. Nxd4 Nf6 5. Nc3 a6 6. Be2 e6 7. 0-0 Be7 8. f4 Qc7 9. Be3 b5 10. Bf3 Bb7 11. a3 Nbd7 12. Bf2 Rc8 13. Qe2 0-0 14. Kh1 Rfe8 15. Nb3 Nf8 16. Rfe1 Ng6 17. Qe3 Nd7 18. Nd4 e5 19. fxe5 dxe5 20. Nb3 Nf4 21. Bg4 Rcd8 22. Bxd7 Rxd7 23. Rad1 Red8 24. Rxd7 Rxd7 25. Nc5 Bxc5 26. Qxc5 Qxc5 27. Bxc5 f5 28. Be3 fxe4 29. Kg1 Nd5 30. Nxd5 Bxd5 31. g3 Kf7 32. Rf1+ 1/2-1/2

[Event "St Petersburg op"]
[Site "St Petersburg"]
[Date "2007.10.29"]
[Round "3"]
[White "Nugaev, Nail"]
[Black "Bogdanov, Andrei"]
[Result "0-1"]
[WhiteElo "1964"]
[BlackElo "2079"]
[PlyCount "88"]
[EventDate "2007.10.27"]
[EventType "swiss"]
[EventRounds "9"]
[EventCountry "RUS"]
[SourceTitle "CBM 121 Extra"]
[Source "ChessBase"]
[SourceDate "2008.01.10"]
[SourceVersion "1"]
[SourceVersionDate "2008.01.10"]
[SourceQuality "1"]

1. e4 Nc6 2. Nf3 d5 3. exd5 Qxd5 4. Nc3 Qa5 5. d4 Bg4 6. Be2 0-0-0 7. Be3 Nf6 8. 0-0 e5 9. a3 Bxf3 10. Bxf3 exd4 11. Bxc6 bxc6 12. Bxd4 c5 13. b4 Qa6 14. bxc5 Bxc5 15. Bxc5 Rxd1 16. Nxd1 Nd5 17. Nb2 Nf4 18. Be3 Ne2+ 19. Kh1 f5 20. Nd3 f4 21. Nxf4 Nxf4 22. Bxf4 Re8 23. Be3 Qc4 24. Bxa7 Re2 25. Rab1 Rxc2 26. Rfd1 c5 27. Bb8 Rxf2 28. Bg3 Rf4 29. Rbc1 Rd4 30. Re1 Qd5 31. Bf2 Rc4 32. Re8+ Kd7 33. Rce1 Rc2 34. Kg1 Qf7 35. R8e2 Rxe2 36. Rxe2 Qd5 37. Re1 c4 38. Be3 Qd3 39. Kf2 Qxa3 40. Rc1 Qd3 41. h3 c3 42. g3 c2 43. h4 Qd1 44. Bf4 Kc6 0-1

[Event "St Petersburg Zak Memorial"]
[Site "St Petersburg"]
[Date "2007.04.01"]
[Round "9"]
[White "Nugaev, Nail"]
[Black "Smirnov, Artyom"]
[Result "1-0"]
[WhiteElo "1868"]
[BlackElo "2107"]
[PlyCount "49"]
[EventDate "2007.03.24"]
[EventType "team"]
[EventRounds "9"]
[EventCountry "RUS"]
[SourceTitle "CBM 117 Extra"]
[Source "ChessBase"]
[SourceDate "2007.05.09"]
[SourceVersion "1"]
[SourceVersionDate "2007.05.09"]
[SourceQuality "1"]

1. e4 c5 2. Nf3 g6 3. d4 Bg7 4. Nc3 cxd4 5. Nxd4 Nc6 6. Be3 Nf6 7. f4 d6 8. h3 Bd7 9. Be2 Qa5 10. Nb3 Qd8 11. Nd4 Nxd4 12. Bxd4 Bc6 13. Qd3 0-0 14. 0-0 d5 15. e5 Nd7 16. Qe3 e6 17. b4 Nb6 18. Rfd1 Rc8 19. a4 Bd7 20. Bc5 Na8 21. Nb5 b6 22. Bxf8 Bxf8 23. Qd2 Nc7 24. Nxa7 Ra8 25. Nb5 1-0